00485nam a2200181Ia 4500003000400000008004100004040001600045082001500061100001600076245006500092700001700157260005100174300001000225650001300235650002100248650002100269650001300290GCL140319s9999 xx 000 0 eng d aGCL / cGCL04a428.2bD T1 aDOFF ADRAIN10aTEACH ENGLISH: A TRINING COURSE FOR TEACHERS / cDOFF ADRAIN1 aDOFF, ADRIAN a[S.N] : bCAMBRIDGE UNIVERSITY PRESS ، c1988 a286 P04aTEACHING04aFOREIGN SPEAKERS04aENGLISH LANGUAGE04aSTUDYING